Mexico City Movies by Picture - Statistics

General Stats
  • This quiz has been taken 192 times
  • The average score is 6 of 16
Answer Stats
Picture Answer % Correct
Saw X
80%
Spectre
79%
Planes
76%
Bad Boys for Life
74%
Frida
72%
Terminator: Dark Fate
68%
The Chipmunk Adventure
52%
Roma
43%
Man on Fire
36%
Sicario: Day of the Soldado
27%
The Three Caballeros
20%
Los Olvidados
6%
Big George Foreman
4%
Midaq Alley
3%
New Order
3%
Che
2%
No matching quizzes found
Score Distribution
Percent of People with Each Score
Percentile by Number Answered
Your Score History
You have not taken this quiz